| 000 | 01441 a2200277 4500 | ||
|---|---|---|---|
| 003 | Nust | ||
| 005 | 20220822113213.0 | ||
| 010 | _a 2009930401 | ||
| 020 | _a0735626782 (pbk.) | ||
| 020 | _a9780735626782 (pbk.) | ||
| 035 | _a(OCoLC)ocn308176407 | ||
| 040 | _cNust | ||
| 082 | 0 | 4 | _a005.2768,MUL |
| 100 | 1 |
_aMulzer, Beatrice. _998282 |
|
| 245 | 1 | 0 |
_aMCTS self -paced training kit (Exam 70-653) : _bconfiguring Windows Small Business Server 2008 / _cBeatrice Mulzer, Walter Glenn and Scott Lowe. |
| 246 | 1 | 4 |
_aMCTS exam 70-653 : _bconfiguring Windows Small Business Server 2008 |
| 260 |
_aRedmond, Wash. : _bMicrosoft Press, _cc2010. |
||
| 300 |
_axxxvii, 422 p. : _bill. ; _c23 cm. |
||
| 505 | _aInstalling Windows Small Business Server 2008 (Page-1), Managing Users (Page-53),Joining Client Computers To The Windows Small Business Server Domain (Page-81), Maintaining Systems And Services Avail(Page-125), Managing And Configuring Remote Access (Page-195), Managing Messaging And Collaboration (Page-239), Installing Windows Small Business Server 2008 (Page-291), Migrating To Windows Small Business Server 2008 (Page-335). | ||
| 650 | 0 |
_aComputer networks _xExaminations _994252 |
|
| 650 | 0 |
_aElectronic data processing personnel _xCertification. _981704 |
|
| 650 | 0 |
_aMicrosoft software _xDevelopment _xExaminations _998283 |
|
| 700 | 1 |
_aGlenn, Walter J. _998284 |
|
| 700 | 1 |
_aLowe, Scott. _922561 |
|
| 942 |
_2ddc _cBK _k005.2768,MUL |
||
| 999 |
_c189430 _d189430 |
||